|
|
|
|
| LEADER |
00000nam a2200000Ii 4500 |
| 001 |
DIGUCCH0077 |
| 003 |
NyNyDIG |
| 008 |
230106s2013 cl a ob 001 0 spa d |
| 006 |
m o d |
| 007 |
cr ||||||||||| |
| 035 |
|
|
|a (OCoLC)926743619
|
| 040 |
|
|
|a DGITA
|b eng
|e rda
|e pn
|c DGITA
|
| 020 |
|
|
|a 9789561415669
|q eBook
|
| 020 |
|
|
|z 9789561413801
|
| 050 |
1 |
4 |
|a PQ8098.423.O75 ebook
|
| 245 |
0 |
0 |
|a Pájaro libre como soy :
|b cartas de Wanda Morla Lynch /
|c edición y notas Wenceslao Díaz Navarrete.
|
| 264 |
|
1 |
|a Santiago, Chile :
|b Pontificia Universidad Católica de Chile :
|b Ediciones UC,
|c [2013]
|
| 300 |
|
|
|a 1 online resource :
|b illustrations.
|
| 336 |
|
|
|a text
|b txt
|2 rdacontent
|
| 337 |
|
|
|a computer
|b c
|2 rdamedia
|
| 338 |
|
|
|a online resource
|b cr
|2 rdacarrier
|
| 347 |
|
|
|a text file
|2 rdaft
|
| 347 |
|
|
|b PDF
|
| 504 |
|
|
|a Includes bibliographical references and index.
|
| 588 |
0 |
|
|a Online resource; title from PDF title page (Digitalia, viewed January 6, 2023)
|
| 650 |
|
0 |
|a Authors, Chilean.
|
| 650 |
|
0 |
|a Personal correspondence.
|
| 700 |
1 |
|
|a Díaz Navarrete, Wenceslao,
|e editor.
|
| 791 |
2 |
|
|a Digitalia (Firm),
|e distributor.
|
| 793 |
0 |
|
|g Digitalia eBook Collection:
|a Universidad Catolica de Chile
|
| 776 |
0 |
8 |
|i Print version:
|t Pájaro libre como soy.
|b Primera edición.
|d Santiago, Chile : Pontificia Universidad Católica de Chile : Ediciones UC, [2013]
|z 9789561413801
|
| 856 |
4 |
0 |
|3 Digitalia Hispánica
|u https://www.digitaliapublishing.com/a/38267/
|
| 910 |
|
|
|a Premium collection: 2023
|